AH International Schools' Libraries

Sky One girl in a million (Record no. 48786)

MARC details
000 -LEADER
fixed length control field 00359nam a22001217a 4500
008 - FIXED-LENGTH DATA ELEMENTS--GENERAL INFORMATION
fixed length control field 250401b |||||||| |||| 00| 0 eng d
020 ## - INTERNATIONAL STANDARD BOOK NUMBER
International Standard Book Number 9789996345029
100 ## - MAIN ENTRY--PERSONAL NAME
Personal name Fred Lipp(Author) and Kristine Hakim(Illustrator)
9 (RLIN) 86208
245 ## - TITLE STATEMENT
Title Sky One girl in a million
260 ## - PUBLICATION, DISTRIBUTION, ETC. (IMPRINT)
Place of publication, distribution, etc Cambodia
Name of publisher, distributor, etc Open Book
Date of publication, distribution, etc 2012
300 ## - PHYSICAL DESCRIPTION
Extent 34 p
Other physical details col. ill.
Dimensions 21 x 30 cm
942 ## - ADDED ENTRY ELEMENTS (KOHA)
Source of classification or shelving scheme
Holdings
Withdrawn status Lost status Source of classification or shelving scheme Damaged status Not for loan Collection code Home library Current library Date acquired Total Checkouts Full call number Barcode Date last seen Price effective from Koha item type
          Non-Fiction Asian Hope Siem Reap Asian Hope Siem Reap 04/01/2025   NFIC FRE 208204 04/01/2025 04/01/2025 Book

For any Logos Library related questions please contact Miss Art at swongnarasuk@asianhope.org.

For any Asian Hope Library related questions please contact Miss Raza at graza@asianhope.org.

Powered by Koha